[Event "City of Adelaide"]
[Site "Adelaide"]
[Date "1999.08.10"]
[Round "4.2"]
[White "Djelaj, Pasko"]
[Black "Kerr, Bill"]
[Result "0-1"]
[WhiteElo "1701"]
[BlackElo "1912"]
[Annotator "Fritz 5.00"]
[PlyCount "136"]
[EventDate "1999.07.20"]
[EventType "swiss"]
[EventRounds "9"]
[EventCountry "AUS"]

1. d4 Nf6 2. c4 g6 3. Nf3 Bg7 4. Nc3 d6 5. e4 O-O 6. Be2 {
King's Indian Defence (Classical System)} Nbd7 (6... Na6 7. O-O e5 8. d5 Nc5 9.
Qc2 a5 10. Bg5 h6 11. Be3 b6 12. Nd2 Bg4 13. h3 Bd7 14. b3 Nh7 15. a3 f5 16.
exf5 Bxf5 17. Nce4 Qh4 18. Bxc5 bxc5 19. Bd3 Rf7 20. Rae1 Raf8 21. Re3 Kh8 22.
Rg3 Qe7 23. Nf3 Rb8 24. Re1 Bf6 25. Re2 Bh4 26. Nxh4 Qxh4 27. Qc3 Ra8 28. a4
Nf6 29. Rf3 Raf8 30. Nxf6 Rxf6 31. Ree3 Qd4 32. Qe1 Kh7 33. Be4 Kg8 34. Re2
Bxe4 35. Rxe4 Qb2 36. Re2 Qd4 37. Re4 Qb2 {
1/2-1/2 Zilberman,Y-Smirin,I/ISR-chT 1996/EXP 52}) 7. O-O e5 8. d5 a5 (8... Nc5
9. Qc2 a5 10. Bg5 h6 (10... Qd7 11. Nd2 Kh8 12. b3 Ng8 13. a3 f5 14. f3 Bh6 15.
Bxh6 Nxh6 16. b4 axb4 17. axb4 Rxa1 18. Rxa1 Na6 19. Qb2 Qe7 20. Na4 f4 21. c5
g5 22. Nc4 Nf7 23. cxd6 cxd6 24. b5 Nb8 25. Rc1 Nd7 26. Ncb6 Nc5 27. Nxc5 dxc5
28. Qc3 g4 29. Qxc5 Nd6 30. Nc4 Nf5 31. d6 {
1-0 Polugaevsky,L-Arnason,A/Reykjavik op 1988/TD 88\05}) 11. Be3 b6 12. Nd2 Ng4
13. Bxg4 Bxg4 14. b3 Bd7 15. a3 f5 16. f3 f4 17. Bf2 g5 18. b4 Na6 19. Rab1
axb4 20. axb4 h5 21. Rfc1 g4 22. c5 g3 23. hxg3 fxg3 24. Bxg3 Qg5 25. Nf1 bxc5
26. bxc5 Nxc5 27. Qe2 Nb3 28. Rd1 Nd4 29. Qd2 Qg6 30. Kf2 Bh6 31. Qb2 h4 32.
Bxh4 Nxf3 33. gxf3 Rxf3+ 34. Ke1 Raf8 35. Bf2 Qg2 {
0-1 Dyballa,M-Mowsziszian,K/Berliner Sommer 1993/EXT 93op}) 9. a4 (9. h3 Ne8
10. Nh2 f5 11. f4 Nc5 12. fxe5 dxe5 13. exf5 gxf5 14. Be3 Qe7 15. Kh1 Bd7 16.
Nf3 e4 17. Nd4 f4 18. Rxf4 Rxf4 19. Bxf4 Qh4 20. Bh2 Ra6 21. Ne6 Nxe6 22. dxe6
Bxe6 23. c5 Ra8 24. Qa4 Bxc3 25. bxc3 c6 26. Qd4 Rd8 27. Qe3 Ng7 28. Bg3 Qf6
29. Qxe4 Bd5 30. Qh4 Qxh4 31. Bxh4 Re8 32. Bg4 h5 33. Bd7 Re2 34. c4 Bxc4 35.
g4 Bxa2 36. gxh5 Nxh5 37. Bg4 Bd5+ 38. Kg1 Rg2+ 39. Kf1 Nf4 40. Ra4 Rc2 41.
Rxf4 Rxc5 42. Be7 Rc1+ 43. Kf2 b5 {
Rauch,F-Binder,T/HUN-chT2 1993/TD 93\10/1-0 (59)}) (9. Qc2 Ne8 10. Ne1 f5 11.
exf5 gxf5 12. f4 e4 13. Be3 Qh4 14. Qd2 Bh6 15. Nc2 Rf7 16. Nd4 Nf8 17. Kh1 Rg7
18. Rg1 Nf6 19. b3 Ng4 20. Bxg4 Rxg4 21. g3 Qe7 22. a3 Bg7 23. b4 h5 24. h3 Rg6
25. Kh2 Bf6 26. Rac1 axb4 27. axb4 Qg7 28. c5 dxc5 29. bxc5 Ra3 30. Ncb5 Ra6
31. d6 c6 32. Nc7 Ra3 33. Ne8 Qf7 34. Nxf6+ Qxf6 35. Ra1 Rd3 36. Qf2 Be6 37.
Ra7 Rg7 38. Rb1 Bd7 39. Rbxb7 Qg6 40. Nxc6 h4 41. Ne7+ Rxe7 42. dxe7 hxg3+ 43.
Qxg3 Qxg3+ 44. Kxg3 Rxe3+ 45. Kf2 Rf3+ 46. Ke1 Kf7 47. Rxd7 Ke8 {
1-0 Krush,I-Cherednichenko,S/WchJW-U12 St.Lorenzo 1995/JUN 95}) 9... Nc5 10.
Nd2 $146 (10. Qc2 Nh5 11. Be3 Nf4 12. Bxf4 exf4 13. Rad1 f5 14. Nd2 g5 15. f3
g4 16. fxg4 fxg4 17. g3 f3 18. Nxf3 gxf3 19. Rxf3 Bh3 20. Rxf8+ Qxf8 21. Bf1
Bd4+ 22. Kh1 Qf3+ 23. Bg2 Bxg2+ 24. Qxg2 Qxg2+ 25. Kxg2 Bxc3 {
0-1 Moeller,G-Groenke,K/Dortmund op 1988/TD 88\03}) 10... Ne8 11. Nb3 f5 {
The typical lever} 12. Nxc5 dxc5 13. Be3 b6 {Controls c5} 14. f3 Nd6 {
The black knight is safe in front of d5} 15. Kh1 f4 {Black gains space} 16. Bf2
g5 17. g3 $15 (17. Bd3 Bb7 $11) 17... fxg3 18. Bxg3 Bh3 19. Rg1 Qf6 20. Qd2 Rf7
21. Qe3 Raf8 {Increases the pressure on the backward pawn} (21... h6 22. Bf2
$15) 22. b3 (22. Be1 h6 $14) 22... Kh8 23. Ra2 h5 24. Be1 Bh6 25. Qd3 Bc8 26.
Nd1 Rg7 27. Ne3 Rfg8 28. Bd1 Bh3 $14 (28... g4 $142 $5 {should be considered}
29. Ng2 gxf3 30. Bxf3 h4 $15) 29. Rf2 $11 (29. Ng4 $5 {
should be investigated more closely} Bxg4 30. fxg4 $16) 29... Rg6 $2 $18 (29...
Bd7 $142 $11 {is the best option Black has}) 30. Nf1 $11 (30. Ng4 $142 $5 hxg4
31. fxg4 Bg2+ 32. Rgxg2 $18) 30... Bd7 31. Ng3 h4 {This push gains space} 32.
Nf1 {The knight intends Ng3-f1-e3-g4} Rf8 33. Ne3 Qe7 34. Ng4 {
The knight feels good on g4} Bg7 35. Rfg2 Bf6 $2 $18 (35... Nf7 $142 $5 $14 {
and Black is still in the game}) 36. Bd2 $14 (36. Nxf6 $142 {
a shame that White overlooked this excellent chance} Qxf6 37. Bxh4 $18) 36...
Rfg8 37. Qe3 Bxg4 $16 (37... Nf7 38. Qe1 Nh6 39. Nf2 $14) 38. Rxg4 R8g7 39. Qe1
Kg8 40. Be3 Kf7 41. Be2 Qf8 42. Bf1 Nc8 43. Bh3 Ke7 44. R4g2 Kd6 $2 $18 (44...
Nd6 $142 $16) 45. Qd2 $16 (45. f4 $142 {and the scales tip in favour of White}
Rg8 46. fxg5 $18) 45... Ne7 46. Be6 {An ideal square for the white bishop.} Rh6
47. h3 Rh5 48. Qe2 {White gets the initiative} Ng6 $18 (48... Rh8 $5 $16) 49.
f4 exf4 50. Bxc5+ $1 {retaining the advantage} (50. Qxh5 $6 fxe3 51. Qg4 Bd4
$14) 50... bxc5 51. Qxh5 Bd4 $2 (51... Ne5 $142 $18) 52. Rf1 (52. Bf5 Bxg1 53.
Rxg1 Nh8 54. Qh6+ Ng6 55. Bxg6 Qf6 56. Rxg5 Qa1+ 57. Kg2 Ke7 58. Qxh4 Qb2+ 59.
Kf3 Qc3+ 60. Kg4 Qg3+ 61. Qxg3 fxg3 62. Kxg3 Rg8 $18) 52... Ne5 {Black plans f3
} (52... Bf6 53. Rxg5 Bxg5 54. Qxg5 $18) 53. Rxg5 Rxg5 54. Qxg5 f3 55. Bf5 f2
56. Kg2 (56. Qxh4 {makes it even easier for White} Be3 $18) 56... c6 (56... Qh8
57. Rd1 $18) 57. dxc6 (57. Qxh4 $5 {might be the shorter path} cxd5 58. cxd5
Qg7+ 59. Bg4 Nf7 $18) 57... Kxc6 58. Rd1 Qb8 59. Qf6+ Kb7 {
Black terminates the opponent with strong threats} 60. Qg7+ (60. Qxh4 Qg8+ 61.
Bg4 Qg7 $18) 60... Ka8 61. Be6 {Threatening mate... how?} Qxb3 62. Bd5+ $4 $11
{there were better ways to keep up the pressure} (62. Qf8+ $142 {
and White gets the upper hand} Ka7 63. Qe7+ Qb7 64. Qxb7+ Kxb7 65. Rb1+ Kc7 66.
Rb3 $18) 62... Kb8 63. Qf8+ Kc7 {Do you see the mate threat?} 64. Qg7+ Nd7 {
Threatening mate... how?} 65. Rxd4 $17 (65. Qg4 $142 $5 {is noteworthy} Ne5 66.
Qg7+ Kb8 67. Qg8+ Kc7 68. Qg7+ $11) 65... cxd4 66. c5 $4 $19 {
causes further problems for ?} (66. Be6 Qg3+ 67. Qxg3+ hxg3 68. c5 $19) 66...
Qf3+ $3 {a sacrifice that decides the game} 67. Kf1 Qe3 {The mate threat is Qe1
} (67... Qxh3+ $6 {is impossible} 68. Kxf2 Qg3+ 69. Qxg3+ hxg3+ 70. Kxg3 Nxc5
71. Kf4 Nxa4 72. e5 $19) 68. Kg2 Qe1 $19 (68... Qe1 69. Qxd7+ {
White return some of the material} Kxd7 70. Bc4 Qg1+ 71. Kf3 f1=Q+ 72. Bxf1
Qxf1+ 73. Kg4 Ke6 74. Kg5 Qg2+ 75. Kh6 Kf7 76. Kh5 Kf6 77. e5+ Kf5 78. Kxh4
Qg5#) (68... Qe2 69. Qg3+ hxg3 70. Kxg3 f1=Q 71. h4 Qff3#) 0-1

[Event "City of Adelaide"]
[Site "Adelaide"]
[Date "1999.08.10"]
[Round "4.3"]
[White "Hester, David"]
[Black "Thiyagarajah, Anand"]
[Result "1-0"]
[WhiteElo "1623"]
[BlackElo "1115"]
[Annotator "Fritz 5.00"]
[PlyCount "57"]
[EventDate "1999.07.20"]
[EventType "swiss"]
[EventRounds "9"]
[EventCountry "AUS"]

1. d4 d5 2. c4 e6 3. Nc3 c6 4. e4 dxe4 5. Nxe4 Bb4+ 6. Bd2 Qxd4 {
White gets strong play along the open d-file} 7. Bxb4 Qxe4+ 8. Be2 {
Queen's Gambit (Semi-Slav Defence-Marshall Gambit)} Ne7 (8... Nd7 9. Nf3 c5 10.
Bc3 f6 11. O-O Ne7 12. Nd2 Qc6 13. Bh5+ g6 14. Bf3 Qc7 15. Ne4 O-O 16. Re1 e5
17. b4 Kg7 18. a3 Rb8 19. Nxc5 Nxc5 20. bxc5 Rd8 21. Qe2 Qxc5 22. Bb4 Qc7 23.
Rad1 Be6 24. Rxd8 Rxd8 25. c5 a5 26. Bc3 Qxc5 27. Qb2 b6 28. Bxe5 fxe5 29. Rxe5
Qd4 30. Qxd4 Rxd4 31. Rxe6 Nc8 32. Rc6 Ne7 33. Rxb6 Rd3 34. Re6 Nf5 35. Ra6
Rxa3 36. h3 Ra1+ 37. Kh2 a4 38. Bc6 a3 39. Bd5 Nd4 40. Bc4 Nc2 41. Bb3 Nb4 42.
Ra4 Nd3 43. Kg3 Nc5 44. Ra7+ Kf6 45. Bg8 h6 46. f4 Ne4+ 47. Kf3 Nd6 48. Rd7 a2
49. Bxa2 {1/2-1/2 Anderson-Smith,W-Lauer-Smith,J/SA Candidates 2.1 1999}) (8...
Na6 9. Bc3 (9. Bd6 e5 10. Qb3 Nf6 $11 11. Nf3 $15 Nd7 12. O-O f6 13. Rfe1 Nac5
$16 14. Qa3 b6 15. Nxe5 $1 fxe5 16. Bh5+ g6 17. Rxe4 Nxe4 18. Bf3 Nxd6 19. Qxd6
Bb7 20. Qe6+ {
1-0 Anderson-Smith,W-Groenhout,R/Correspondence 1980/[Anderson-Smith,W]}) 9...
f6 10. Nf3 Ne7 11. O-O Qf4 12. Bd3 Nc5 13. g3 Qc7 14. Bc2 e5 15. Nd2 Bf5 16.
Bxf5 Nxf5 17. Qg4 g6 18. Bb4 Qb6 19. Ba3 O-O-O 20. Rad1 Kb8 21. Ne4 Nxe4 22.
Qxe4 h5 23. b3 Qa5 24. Bb2 Qxa2 25. Qc2 Qa5 26. Bc3 Qc7 27. Ra1 c5 28. b4 Qc6
29. Qa2 a6 30. b5 Qf3 31. bxa6 b6 32. a7+ Ka8 33. Qb2 h4 {
0-1 Leitao,R-Granda Zuniga,J/Sao Paulo zt 1995/EXP 47}) 9. Qd2 (9. Bc3 O-O 10.
Nf3 c5 11. O-O f6 (11... Nbc6 12. Bd3 Qf4 13. Re1 Ng6 14. a3 Rd8 15. b4 e5 16.
Qc2 Nd4 17. Bxd4 exd4 18. bxc5 Bh3 19. Bxg6 hxg6 20. Qe4 Qg4 21. Qxg4 Bxg4 22.
Re7 Rac8 23. Nd2 b6 24. cxb6 axb6 25. Rb1 Ra8 26. Ra1 {
Gokhale,J-Rahman,Z/Calcutta op 1996/EXP 50/1/2-1/2 (42)}) 12. Bd3 Qf4 13. Qc2
Ng6 14. h4 Qg4 15. Nh2 Qxh4 16. f4 Nc6 17. Bxg6 hxg6 18. Qxg6 Bd7 19. Rad1 Rad8
20. Qe4 Bc8 21. Nf3 Qg4 22. Rde1 Rd6 23. Re3 a6 {
Onischuk,A-Piket,J/Wijk op 1995/TUR 95/1/2-1/2 (55)}) (9. Nf3 Nd5 10. Nd2 Qd4
11. Ba3 Nf4 12. O-O e5 (12... Nd7 13. Bf3 Ne5 14. Re1 f5 15. Qb3 Ned3 16. Re3
Nxf2 17. Kxf2 Qxd2+ 18. Kg1 Kf7 19. Rd1 Qa5 20. Bd6 Ng6 21. c5 Re8 22. Rf1 Kg8
23. Bh5 b6 24. Rxf5 bxc5 25. Ref3 c4 26. Qe3 e5 27. Bxg6 Bxf5 28. Bxe8 e4 29.
Qxe4 {1-0 Maksimenko,A-Krasenkow,M/Aalborg 1995/EXP 49}) 13. Bf3 Bf5 14. Qe1
Nd7 15. Rd1 Nd3 16. Qe2 O-O-O 17. Be4 Nf4 18. Qf3 Be6 19. Bxc6 Qb6 20. Bd5 Nf6
21. Bxe6+ Qxe6 22. Nb3 Qg4 23. Qxg4+ Nxg4 24. Nc1 f6 25. h3 Nh6 26. Bc5 b6 27.
Be3 g5 28. c5 Kb7 29. g3 Ne6 30. cxb6 axb6 31. Ne2 Nf5 32. Nc3 Nfd4 33. Ne4 f5
34. Bxd4 exd4 35. Nd2 g4 36. hxg4 fxg4 37. f3 Rhg8 38. Kg2 Rd7 39. Rde1 Nc5 40.
Re2 Nd3 41. f4 Nxb2 42. Ne4 Nc4 43. Nf6 d3 44. Nxd7 dxe2 45. Re1 Rd8 46. Nf6
Rd2 47. Kf2 Rxa2 48. Nxg4 Nd6 49. Nf6 h6 {
1/2-1/2 Sherbakov,R-Sveshnikov,E/Novgorod op 1995/EXP 49}) 9... Na6 $4 $16 {
not a good decision, because now the opponent is right back in the game} (9...
Nd7 10. O-O-O Ng6 11. Bd6 e5 12. Nh3 Nb6 13. Ng5 Qf4 14. Bc5 Qxd2+ 15. Rxd2 Nf4
16. Ne4 Nxe2+ 17. Rxe2 Nxc4 18. b3 b6 19. Bb4 c5 20. Bc3 f5 21. Ng5 h6 22. bxc4
hxg5 23. Rxe5+ Kf7 24. Rhe1 Kg6 25. Re7 Rh7 26. f3 Ba6 27. R1e6+ Kh5 28. Rxg7
Rah8 29. Rgg6 Bxc4 30. Rd6 Rd8 31. g4+ fxg4 32. fxg4+ Kxg4 33. Rxd8 Rxh2 34.
Bd2 Bxa2 35. Rxg5+ Kf3 36. Rd3+ Ke4 37. Re3+ Kd4 38. Rg4+ Kd5 39. Ra3 Bc4 40.
Rxa7 b5 41. Rg5+ Kc6 42. Ra6+ Kb7 43. Rf6 {
1-0 Notkin,M-Abrosimov,A/Moscow-ch 1994/EXP 43}) (9... Ng6 10. O-O-O Qf4 11.
Nh3 Qxd2+ 12. Rxd2 Na6 13. Bc3 f6 (13... e5 14. Ng5 Nc5 15. Rhd1 Bf5 16. g4 Be6
17. Bb4 f6 18. Bxc5 fxg5 19. Re1 Kf7 20. b3 Rhd8 21. Bd6 Kf6 22. c5 Bd5 23. Bd3
Re8 24. Bxg6 hxg6 25. Rde2 e4 26. f3 exf3 27. Rxe8 f2 28. R8e2 fxe1=Q+ 29. Rxe1
Rh8 30. Rf1+ Ke6 31. Re1+ Kf6 {
1/2-1/2 Barsov,A-Kasimdzhanov,R/UZB-ch 1993/TD 93\10}) 14. f4 Bd7 15. Re1 O-O-O
16. Bg4 Rhe8 17. g3 e5 18. Rxd7 Rxd7 19. fxe5 Nxe5 20. Bxe5 Rxe5 21. Rxe5 fxe5
22. Ng5 h5 23. Bxd7+ Kxd7 24. Kd2 Ke7 25. Ke3 Nc5 26. b4 Nd7 27. Ke4 Kf6 28. h4
Nb6 29. c5 Nd5 30. a3 {1/2-1/2 Schaefer,M-Brecht,A/OLO-B 1994/GER 08}) (9...
Qxg2 10. O-O-O Nd7 $15) 10. O-O-O {White gets kings attack} Nd5 11. Bc3 Bd7 $18
(11... O-O $5 12. cxd5 exd5 $16) 12. cxd5 cxd5 13. Nf3 Rc8 $18 (13... O-O 14.
Bd3 Qa4 15. Bxg7 Rac8+ 16. Bc3 $18) 14. Bd3 $16 (14. Bxa6 $5 bxa6 15. Rhe1 Qc4
16. Qxd5 Qxd5 17. Rxd5 Bc6 $18) 14... Qa4 15. Kb1 f6 16. Rhe1 Nc5 $18 (16...
O-O 17. Nd4 Rfe8 18. f4 $18) 17. Bc2 Qg4 18. Qxd5 Kf7 (18... O-O 19. h3 exd5
20. hxg4 Bxg4 21. Rxd5 Bxf3 22. gxf3 Rc7 $18) 19. Qd2 Qxg2 $2 (19... Bc6 20.
Qe2 Kg8 $18) 20. Qf4 {White threatens Rg1} Bc6 21. Ne5+ Ke8 22. Nxc6 Qxc6 23.
Rd6 Qc7 24. Rdxe6+ Nxe6 25. Rxe6+ Kf7 {#} (25... Kf8 26. Rxf6+ $1 {
better than holding on to the material} gxf6 27. Qxf6+ Ke8 28. Qxh8+ Kd7 29.
Ba4+ Qc6 30. Qg7+ Kd6 31. Qe5+ Kd7 32. Qf5+ Kd8 33. Bf6+ Kc7 34. Bxc6 bxc6 35.
Qxh7+ Kb6 36. Qd7 Rg8 37. Bd4+ c5 38. Be5 Rg1+ 39. Kc2 Rg6 40. a4 Rc6 41. Bc7+
Kb7 42. Bd8+ Kb8 43. Qxc6 a6 44. Bc7+ Kc8 45. Be5+ Kd8 46. Bf6#) 26. Qe4 (26.
Rxf6+ gxf6 27. Qxf6+ Ke8 28. Qxh8+ Kd7 29. Ba4+ Qc6 30. Qg7+ Kd6 31. Qe5+ Kd7
32. Qf5+ Kd8 33. Bf6+ Kc7 34. Bxc6 bxc6 35. Qxh7+ Kb6 36. Qd7 Rg8 37. Bd4+ c5
38. Be5 Rg1+ 39. Kc2 Rg6 40. a4 Rc6 41. Bc7+ Kb7 42. Bd8+ Kb8 43. Qxc6 a6 44.
Bc7+ Kc8 45. Be5+ Kd8 46. Bf6#) 26... Qc4 (26... Rhd8 $18 {
no good, but what else?}) 27. Re7+ Kf8 28. Qxb7 Re8 (28... a5 29. Rd7 Re8 30.
Bxa5 Qf1+ 31. Bd1 Qxd1+ 32. Rxd1 Re7 33. Bb4 Kf7 34. Qxe7+ Kg6 35. Rg1+ Kh5 36.
Qxg7 Re8 37. Qxh7#) 29. Bb4 $1 {the final blow} (29. Bb4 Qxc2+ 30. Kxc2 Rd8 31.
Rxg7+ Rd6 32. Qe7#) 1-0

[Event "City of Adelaide"]
[Site "Adelaide"]
[Date "1999.08.10"]
[Round "4.4"]
[White "Rigo, Bernard"]
[Black "Yang, Song"]
[Result "0-1"]
[WhiteElo "1694"]
[BlackElo "1387"]
[Annotator "Fritz 5.00"]
[PlyCount "82"]
[EventDate "1999.07.20"]
[EventType "swiss"]
[EventRounds "9"]
[EventCountry "AUS"]

1. e4 c5 2. d4 cxd4 3. c3 dxc3 4. Nxc3 Nc6 5. Nf3 {
Sicilian Defence (Morra Gambit)} g6 (5... d6 6. Bc4 e6 7. O-O Be7 (7... Nf6 8.
Qe2 a6 9. Rd1 Qa5 10. Bf4 Ne5 11. Bxe5 dxe5 12. a3 Be7 13. b4 Qc7 14. Rac1 O-O
15. Bxe6 Bxe6 16. Nd5 Nxd5 17. exd5 {
1/2-1/2 Lendwai,R-Thorsteins,K/Borsodtavho 1991/EXP 23}) 8. Qe2 a6 (8... Nf6 9.
Rd1 Qc7 10. Bf4 a6 11. Rac1 Nh5 12. Be3 O-O 13. Bb3 Nf6 14. Nd5 exd5 15. exd5
Nxd5 16. Bxd5 Be6 17. Bf4 Bxd5 18. Rxd5 Rad8 19. Qd2 Rfe8 20. Nd4 g6 21. h3 Bf8
22. Bh6 Bxh6 23. Qxh6 Re5 24. Rxe5 dxe5 25. Nxc6 bxc6 26. Qe3 Rd5 27. Qc3 c5
28. b4 c4 29. Qxc4 {0-1 Torres,L-Olafsson,H/Thessaloniki olm 1988/TD 88\06}) 9.
Rd1 Bd7 10. a3 h6 11. Bf4 e5 12. Be3 Nf6 13. Nh4 b5 14. Ba2 Rc8 15. Nf5 Bxf5
16. exf5 O-O 17. g4 b4 18. axb4 Nxb4 19. Bb3 Nh7 20. Qd2 Rb8 21. Ne4 d5 22.
Bxd5 Nxd5 23. Qxd5 Qxd5 24. Rxd5 Rb4 25. Rxe5 Bf6 26. Bc5 Rc4 27. Nxf6+ gxf6
28. Bxf8 Rxg4+ 29. Kh1 fxe5 30. Bxh6 Nf6 31. Rxa6 Ne4 32. Be3 Ng5 33. Ra8+ Kg7
34. f6+ Kxf6 35. Rg8 Kf5 36. Rxg5+ {1-0 Nemet,I-Klauser,M/SWZ-ch 1993/TD 93\10}
) 6. Bc4 Bg7 7. e5 a6 (7... Nh6 8. Bf4 O-O 9. O-O Kh8 10. Re1 b6 11. Qd2 Ng8
12. Ng5 Nh6 13. Rad1 d6 14. exd6 e5 15. Be3 Nd4 16. Nb5 Nxb5 17. Bxb5 Bd7 18.
Ne6 Bxe6 19. Bxh6 Qf6 20. Bg5 Qf5 21. Be7 Bd7 22. Bxf8 Rxf8 23. Bxd7 Qxd7 24.
Rc1 Rd8 25. Rc7 Qe6 26. Rxa7 Bf8 27. d7 Bc5 28. Qg5 f6 29. Qd2 Qc6 30. b4 Bd4
31. Rc1 Qe6 32. Qc2 Kg7 33. Qc7 Qe7 34. Rb7 f5 35. Rb8 Rxd7 36. Qc8 e4 37. Re1
Rc7 38. Qh8+ Kh6 39. Qxd4 {1-0 Junge,R-Glienke,M/BL 8889 1989/BL 80}) 8. O-O
Nh6 9. Qe2 $146 (9. Nd5 b5 10. Bb3 O-O 11. h3 Kh8 12. Bf4 d6 13. exd6 e5 14.
Bxh6 Bxh6 15. Nc7 Rb8 16. Qd5 e4 17. Nd2 Bb7 18. Rfd1 e3 19. fxe3 Bxe3+ 20. Kh1
Bb6 21. Rf1 Nd4 22. Qe5+ f6 23. Qf4 Qd7 {
Stasiunaite,L-Kantor,L/EU-chJW U16 Szombathely 1993/TD 93\05/0-1 (68)}) 9...
O-O 10. Rd1 b5 11. Bd5 Qc7 {e5 seems the pivot of the position} 12. Bg5 Bb7 13.
h3 {Covers g4} d6 $11 (13... e6 14. Be4 Nf5 15. Rac1 $15) 14. Qd2 $15 (14. exd6
exd6 15. Ne4 Nf5 $11) 14... Nf5 15. g4 h6 $16 (15... b4 16. Ne4 e6 17. gxf5
exd5 18. Nf6+ Kh8 19. Nxd5 Qc8 $18) 16. gxf5 hxg5 17. fxg6 e6 (17... Nxe5 18.
Nxe5 dxe5 19. Rac1 $18) 18. gxf7+ Qxf7 19. Nxg5 Qg6 20. Be4 $1 {
a forceful and devastating end} (20. Bxe6+ $6 Kh8 21. Bd5 Bxe5 $14) 20... Rf5
21. f4 dxe5 22. Qg2 $16 (22. Bxf5 $142 $5 exf5 23. Qd5+ Kh8 24. Qd7 exf4 25.
Qxb7 Qxg5+ 26. Kh1 $18) 22... exf4 23. Bxf5 Qxf5 $18 (23... exf5 24. Rd7 Na5
25. Nd5 $18) 24. Rd7 Na5 (24... Nd8 $142 $5 25. Nge4 Qf8 $18) 25. Rxb7 $4 $17 {
ignoring the path to victory} (25. Rxg7+ Kxg7 26. Nxe6+ Kh6 27. Qg7+ Kh5 28.
Ne2 Qg6+ 29. Qxg6+ Kxg6 30. N2xf4+ Kf5 31. Kf2 $16) 25... Nxb7 26. Rd1 (26. Kh2
Rf8 27. Rg1 Nd8 $15) 26... Rd8 27. Re1 Rd6 $17 (27... Rd3 28. Rf1 $19 (28. Nxe6
$4 {the pawn contains a lethal dose of poison} Rg3 29. Nxg7 Qg6 30. Qxg3 Qxg3+
31. Kf1 f3 $19)) 28. Nce4 Rd7 29. h4 Nc5 $15 (29... Rd3 30. Kh1 $17) 30. Kh1
$19 (30. Nxc5 $5 {looks like a viable alternative} Qxc5+ 31. Kh1 $15) 30...
Nxe4 {Black gets deadly initiative} 31. Nxe4 $19 (31. Rxe4 e5 $17) 31... Rd3
32. Nf2 Rg3 33. Qa8+ Kh7 34. Qe4 Qxe4+ 35. Nxe4 Rh3+ 36. Kg2 Rxh4 37. Ng5+ (37.
Nc5 Bxb2 38. Rxe6 a5 $19) 37... Kg6 38. Nxe6 Bxb2 39. Kf3 (39. Re2 Bf6 40. Nc5
$19) 39... Kf5 40. Nc7 (40. Nc5 {does not win a prize} Rh3+ 41. Ke2 Be5 $19)
40... Rh3+ 41. Ke2 Ra3 (41... Ra3 42. Kf1 Rxa2 $19) 0-1

[Event "City of Adelaide"]
[Site "Adelaide"]
[Date "1999.08.10"]
[Round "4.5"]
[White "Vitols, Wassim"]
[Black "Riches, L John"]
[Result "0-1"]
[WhiteElo "904"]
[BlackElo "1720"]
[Annotator "Fritz 5.00"]
[PlyCount "30"]
[EventDate "1999.07.20"]
[EventType "swiss"]
[EventRounds "9"]
[EventCountry "AUS"]

1. d4 Nf6 2. e3 g6 3. f4 d6 4. Nf3 Bg7 5. Bd3 O-O 6. O-O {Queen's Pawn Game}
Nbd7 7. b3 $146 (7. e4 e5 (7... c5 8. c3 Rb8 9. Qe2 a6 10. a4 Qa5 11. Ra3 cxd4
12. cxd4 e5 13. fxe5 dxe5 14. d5 Ne8 15. Be3 Nd6 16. Nbd2 Qb4 17. Rc1 Qxb2 18.
Raa1 Qb4 19. a5 f5 20. Ng5 fxe4 21. Ndxe4 Nxe4 22. Nxe4 Qe7 23. Rc7 Qh4 24.
Rac1 Nf6 25. Bg5 Bg4 26. Bxh4 Bxe2 27. Bxf6 Bxd3 28. Rxg7+ Kh8 29. Bxe5 h5 30.
Rxb7+ {1-0 Markovic,G-Bokan,J/JUG-chT Cetinje 1992/EXT 92ch}) 8. fxe5 dxe5 9.
d5 Nc5 10. Qe1 Nxd3 11. cxd3 c6 12. Nxe5 cxd5 13. Nf3 dxe4 14. dxe4 Re8 15. Nc3
Be6 16. Qe2 Qc8 17. Re1 Ng4 18. Be3 Bc4 19. Qc2 Nxe3 20. Rxe3 Qc5 21. Rae1 Bh6
22. Nd5 Rec8 23. Nf6+ Kh8 24. Qc3 Bxe3+ 25. Rxe3 Be6 26. Qd3 Rd8 27. Qe2 Rd1+ {
0-1 Josquin,R-Tuncer,U/DLM 1996}) (7. c3 Re8 (7... b6 8. a4 Bb7 9. f5 e5 10.
fxe6 Bxf3 11. exf7+ Rxf7 12. Rxf3 d5 13. a5 bxa5 14. Rxa5 c6 15. Ra6 Qc7 16.
Qe1 Bf8 17. Nd2 Bd6 18. Qh4 Raf8 19. e4 g5 20. Qxg5+ Rg7 21. Qh6 dxe4 22. Nxe4
{Bender,E-Lossau,S/Waldshut HT3 1991/GER 04/0-1 (34)}) 8. f5 e5 9. fxe6 Rxe6
10. Ng5 Re7 11. Qc2 d5 12. e4 dxe4 13. Nxe4 Nxe4 14. Bxe4 Nf6 15. Bd3 Qd5 16.
Nd2 c5 17. Nf3 c4 18. Be2 Bf5 19. Qd1 Rae8 20. Ne5 Rxe5 21. dxe5 Qxe5 {
Aufmwasser,G-Hodgson,J/Bad Woerishofen op 1994/EXP 39/0-1 (35)}) (7. c4 e6 $11)
7... e5 {Black begins to deal mighty blows} 8. fxe5 {This push gains space}
dxe5 9. Nc3 ({Weaker is} 9. Nxe5 Nxe5 10. dxe5 Ng4 $17) 9... Qe7 10. dxe5 $15 (
10. Be2 Rd8 $11) 10... Nxe5 11. Nxe5 $19 (11. Qd2 $142 $5 $15 {
should be considered}) 11... Qxe5 12. Bd2 Ng4 {The mate threat is Qxh2} 13. Rf3
$4 {White has lost his nerve... understandable when you consider his position}
(13. Rf4 $142 f5 14. g3 Nxe3 15. Qe2 $17) 13... Qxh2+ 14. Kf1 Ne5 (14... Qh1+
$142 {and Black has reached his goal} 15. Ke2 Qxg2+ 16. Ke1 Nh2 $19) 15. Rf2 (
15. Rf4 $19) 15... Bg4 (15... Bg4 16. Ne2 Qh1+ 17. Ng1 Bxd1 18. Rxd1 Rad8 $19)
(15... Qh1+ 16. Ke2 Bg4+ 17. Rf3 Qxg2+ 18. Ke1 Bxf3 19. Qe2 Bxe2 20. Bxe2 Qg1+
21. Bf1 Bf6 22. Kd1 Qxf1+ 23. Be1 Nf3 24. Kc1 Bxc3 25. e4 Qxe1#) 0-1